| 000 -LEADER |
| fixed length control field |
01530 a2200229 4500 |
| 003 - CONTROL NUMBER IDENTIFIER |
| control field |
Nust |
| 005 - DATE AND TIME OF LATEST TRANSACTION |
| control field |
20170207154036.0 |
| 010 ## - LIBRARY OF CONGRESS CONTROL NUMBER |
| LC control number |
2009018147 |
| 020 ## - INTERNATIONAL STANDARD BOOK NUMBER |
| International Standard Book Number |
0136053068 |
| 020 ## - INTERNATIONAL STANDARD BOOK NUMBER |
| International Standard Book Number |
9780136053064 |
| 040 ## - CATALOGING SOURCE |
| Transcribing agency |
Nust |
| 082 00 - DEWEY DECIMAL CLASSIFICATION NUMBER |
| Classification number |
005.133 |
| 100 1# - MAIN ENTRY--PERSONAL NAME |
| Personal name |
Deitel, Paul J. |
| 245 10 - TITLE STATEMENT |
| Title |
Java :how to program -(E-BOOK) |
| Statement of responsibility, etc. |
Paul Deitel, Harvey M. Deitel. |
| 260 ## - PUBLICATION, DISTRIBUTION, ETC. |
| Place of publication, distribution, etc. |
Upper Saddle River, N.J. : |
| Name of publisher, distributor, etc. |
Pearson Prentice Hall, |
| Date of publication, distribution, etc. |
c2010. |
| 300 ## - PHYSICAL DESCRIPTION |
| Extent |
xlii, 1506 p. : |
| Other physical details |
col. ill. ; |
| Dimensions |
23 cm. + |
| Accompanying material |
1 CD-ROM (4 3/4 in.) |
| 490 0# - SERIES STATEMENT |
| Series statement |
Deitel how to program series |
| 505 ## - FORMATTED CONTENTS NOTE |
| Formatted contents note |
1 Introduction to Computers, the Internet and the Web (Page-1),2 Introduction to Java Applications(Page-55), 3 Introduction to Java Applets (Page-105),4 Control Structures: Part 1 (Page-148),5 Control Structures: Part 2 (Page-197),6 Methods (Page-246),7 Arrays (Page-313),8 Object-Based Programming (Page-378),9 Object-Oriented Programming (Page-445),10 Strings and Characters (Page-536),11 Graphics and Java2D (Page-601),12 Graphical User Interface Components: Part 1(Page-646),13 Graphical User Interface Components: Part 2 (Page-720),14 Exception Handling(Page-804), 15 Multithreading(Page-837), 16 Files and Streams (Page-894),17 Networking (Page-978),18 Multimedia: Images, Animation, Audio and Video(Page-1068), 20 Java Utilities Package and Bit Manipulation (Page-1147),21 Collections (Page-1201),22 Java Media Framework and Java Sound (on CD) (Page-1236). |
| 650 #0 - SUBJECT ADDED ENTRY--TOPICAL TERM |
| Topical term or geographic name entry element |
Java (Computer program language) |
| 651 ## - SUBJECT ADDED ENTRY--GEOGRAPHIC NAME |
| Geographic name |
E-BOOK |
| 700 1# - ADDED ENTRY--PERSONAL NAME |
| Personal name |
Deitel, Harvey M., |
| Dates associated with a name |
1945- |
| 942 ## - ADDED ENTRY ELEMENTS (KOHA) |
| Source of classification or shelving scheme |
|
| Koha item type |
Book |